000 00370nam a2200133Ia 4500
008 240624s9999 xx 000 0 und d
041 _aeng
082 _a330.954 THA
100 _aTHAROOR SHASHI
245 _aELEPHANT THE TIGER AND THE CELLPHONE REFLECTIONS ON I
260 _c2007
_aNew Delhi
_bPenguin/Viking
300 _axiii, : 387 : p. : cm. ; 22
365 _cRS
_b20
999 _c7702
_d7702